• 首页
  • 本馆介绍
  • 公告通知
  • 最新文献
  • 馆藏检索
  • 电子资源
  • 读者导购
  • 参考咨询
  • 我的图书馆
  • 登录
  • 详细信息显示
  • 放入我的书架
  • 预约/预借图书
  • 作者相关作品
  • 分类相关作品
  • 丛书相关作品
  • 出版社相关作品

书目信息

  • 表格格式
  • 工作单格式
  • 卡片格式
题名:
透视0-3岁婴幼儿心理世界
    
 
作者: 冯夏婷 主编
分册:  
出版信息: 北京   中国轻工业出版社  2016
页数: 254页
开本: 24cm
丛书名:
单 册:
中图分类: B844.11
科图分类:
主题词: 婴幼儿心理学
电子资源:
ISBN: 978-7-5184-0783-5
000 00983nam0 2200217 450
001 456
005 20180520220723.90
010    @a978-7-5184-0783-5@dCNY38.00
100    @a20160311d2016 em y0chiy50 ea
101 0  @achi
102    @aCN@b110000
105    @aa z 000yy
200 1  @a透视0-3岁婴幼儿心理世界@9tou shi 0-3 sui ying you er xin li shi jie@b专著@e给教师和家长的心理学建议@f冯夏婷主编
210    @a北京@c中国轻工业出版社@d2016
215    @a254页@c图@d24cm
330    @a本书从O-3岁婴幼儿怎样认识世界、怎样感受世界、怎样应对世界这三个方面,通过大量鲜活的案例,详细地向读者介绍了婴幼儿的心理世界。针对婴幼儿的每一个心理特点,作者都是首先通过几个案例来引出婴幼儿的心理现象,接下来分析心理现象产生的原因,然后介绍心理学家针对此心理现象的经典实验研究和结论,再分别给亲子中心的教师和婴幼儿的家长提出教育建议。
606 0  @a婴幼儿心理学
690    @aB844.11@v5
701  0 @a冯夏婷@9feng xia ting@c(女)@4主编
801  0 @aCN@b91MARC@c20160516
905    @aMuseLib@dB844.11@e2148
    
    透视0-3岁婴幼儿心理世界:给教师和家长的心理学建议/冯夏婷主编.-北京:中国轻工业出版社,2016
    254页:图;24cm
    
    
    ISBN 978-7-5184-0783-5:CNY38.00
    本书从O-3岁婴幼儿怎样认识世界、怎样感受世界、怎样应对世界这三个方面,通过大量鲜活的案例,详细地向读者介绍了婴幼儿的心理世界。针对婴幼儿的每一个心理特点,作者都是首先通过几个案例来引出婴幼儿的心理现象,接下来分析心理现象产生的原因,然后介绍心理学家针对此心理现象的经典实验研究和结论,再分别给亲子中心的教师和婴幼儿的家长提出教育建议。
●
相关链接 在E读中查询图书 在五车中查询图书 在当当中查询图书 在豆瓣中查询图书


正题名:透视0-3岁婴幼儿心理世界     索取号:B844.11/2148         预约/预借

序号 登录号 条形码 馆藏地/架位号 状态 备注
1 1102674   211026744   第一样本阅览室/ [索取号:B844.11/2148] 在馆    
2 1102675   211026753   教育系资料室/ [索取号:B844.11/2148] 在馆    
3 1102676   211026762   教育系资料室/ [索取号:B844.11/2148] 在馆    
4 1102677   211026771   教育系资料室/ [索取号:B844.11/2148] 在馆    
5 1102678   211026780   第一借阅区/ [索取号:B844.11/2148] 在馆    
6 1102679   211026799   第一借阅区/ [索取号:B844.11/2148] 在馆    
唐山师范学院图书馆 欢迎您!
大连网信软件有限公司© 版权所有